|
|
|
|
| LEADER |
00000naa a2200000 c 4500 |
| 001 |
182066340X |
| 003 |
DE-627 |
| 005 |
20221103105328.0 |
| 007 |
tu |
| 008 |
221103s2022 xx ||||| 00| ||eng c |
| 035 |
|
|
|a (DE-627)182066340X
|
| 035 |
|
|
|a (DE-599)KXP182066340X
|
| 040 |
|
|
|a DE-627
|b ger
|c DE-627
|e rda
|
| 041 |
|
|
|a eng
|
| 100 |
1 |
|
|a Azevedo, Vanessa
|e VerfasserIn
|4 aut
|
| 245 |
1 |
0 |
|a Direct and Indirect Victims of Urban Crime in the Historic Centre of Porto (Portugal)
|b Prevalence, Dynamics and Associated Variables
|c Vanessa Azevedo, Ana Sani, Daniela Paulo, Maria Alzira Pimenta Dinis, Laura M. Nunes
|
| 264 |
|
1 |
|c 2022
|
| 336 |
|
|
|a Text
|b txt
|2 rdacontent
|
| 337 |
|
|
|a ohne Hilfsmittel zu benutzen
|b n
|2 rdamedia
|
| 338 |
|
|
|a Band
|b nc
|2 rdacarrier
|
| 650 |
|
4 |
|a Urban victimization
|
| 650 |
|
4 |
|a Primary victims
|
| 650 |
|
4 |
|a Vicarious victims
|
| 650 |
|
4 |
|a Diagnosis of local security
|
| 650 |
|
4 |
|a Policing
|
| 700 |
1 |
|
|a Sani, Ana
|e VerfasserIn
|4 aut
|
| 700 |
1 |
|
|a Paulo, Daniela
|e VerfasserIn
|4 aut
|
| 700 |
1 |
|
|a Dinis, Maria Alzira Pimenta
|e VerfasserIn
|0 (DE-588)1251060536
|0 (DE-627)1815757841
|4 aut
|
| 700 |
1 |
|
|a Nunes, Laura M.
|e VerfasserIn
|4 aut
|
| 773 |
0 |
8 |
|i Enthalten in
|t European journal of crime, criminal law and criminal justice
|d Leiden : Nijhoff, 1993
|g 30(2022), 2, Seite 127-160
|w (DE-627)171294025
|w (DE-600)1174549-6
|w (DE-576)038869942
|x 0928-9569
|7 nnas
|
| 773 |
1 |
8 |
|g volume:30
|g year:2022
|g number:2
|g pages:127-160
|
| 951 |
|
|
|a AR
|
| ELC |
|
|
|b 1
|
| LOK |
|
|
|0 000 xxxxxcx a22 zn 4500
|
| LOK |
|
|
|0 001 4205983115
|
| LOK |
|
|
|0 003 DE-627
|
| LOK |
|
|
|0 004 182066340X
|
| LOK |
|
|
|0 005 20250718122445
|
| LOK |
|
|
|0 008 221103||||||||||||||||ger|||||||
|
| LOK |
|
|
|0 040
|a DE-21-110
|c DE-627
|d DE-21-110
|
| LOK |
|
|
|0 852
|a DE-21-110
|
| LOK |
|
|
|0 852 1
|m p
|9 00
|
| LOK |
|
|
|0 938
|k p
|
| LOK |
|
|
|0 939
|a 03-11-22
|b l01
|
| ORI |
|
|
|a SA-MARC-krimdoka001.raw
|